International Cricket Council - Full Member Countries - Statistics

General Stats
  • This quiz has been taken 62 times
  • The average score is 11 of 12
Answer Stats
Answer % Correct
India
100%
Australia
98%
England
98%
Pakistan
98%
Bangladesh
96%
New Zealand
96%
South Africa
94%
Sri Lanka
92%
Afghanistan
89%
West Indies
87%
Zimbabwe
87%
Ireland
83%
No matching quizzes found
Score Distribution
Percent of People with Each Score
Percentile by Number Answered
Your Score History
You have not taken this quiz